Most Abundant Birds: US and Canada (Extremely Difficult) - Statistics

General Stats
  • This quiz has been taken 15 times
  • The average score is 95 of 250
Answer Stats
Population (US-Canada) Classification Taxonomic Name Answer % Correct
28 million Corvid Corvus Brachyrhynchos American Crow
91%
370 million Thrush Turdus Migratorius American Robin
91%
17 million Corvid Cyanocitta Cristata Blue Jay
91%
8.3 million Corvid Corvus Corax Common Raven
91%
34 million Mimid Mimus Polyglottus Northern Mockingbird
91%
93 million Old World Sparrow Passer Domesticus House Sparrow
82%
120 million Cardinallike Cardinalis Cardinalis Northern Cardinal
82%
2.8 million Raptor Buteo Jamaicensis Red-tailed Hawk
82%
16 million Pigeonlike Columba Livia Rock Pigeon
82%
36 million Hummingbird Archilochus Colubris Ruby-throated Hummingbird
82%
47 million Swallowlike Hirundo Rustica Barn Swallow
73%
43 million Tit Poecile Atricapillus Black-capped Chickadee
73%
64 million Waxwing Bombycilla Cedrorum Cedar Waxwing
73%
67 million Blackbird Quiscalus Quiscula Common Grackle
73%
220 million New World Sparrow Junco Hyemalis Dark-eyed Junco
73%
93 million Starlinglike Sturnus Vulgaris European Starling
73%
3.8 million Owl Bubo Virginianus Great Horned Owl
73%
100 million Lark Eremophila Alpestris Horned Lark
73%
88 million New World Sparrow Metospiza Lincolnii Lincoln's Sparrow
73%
130 million Pigeonlike Zenaida Macroura Mourning Dove
73%
2.6 million Woodpecker Dryocopus Pileatus Pileated Woodpecker
73%
130 million Vireo Vireo Olivaceus Red-eyed Vireo
73%
170 million Blackbird Agelaius Phoeniceus Red-winged Blackbird
73%
100 million Kinglet Regulus Calendula Ruby-crowned Kinglet
73%
22 million Hummingbird Selasphorus Rufus Rufous Hummingbird
73%
130 million New World Sparrow Melospiza Melodia Song Sparrow
73%
12 million Tit Baeolophus Bicolor Tufted Titmouse
73%
44 million Finch Spinus Tristis American Goldfinch
64%
18 million Pipit Anthus Rubescens American Pipit
64%
8.8 million Hummingbird Calypte Anna Anna's Hummingbird
64%
12 million Blackbird Icterus Galbula Baltimore Oriole
64%
1.8 million Kingfisher Megaceryle Alcyon Belted Kingfisher
64%
9.6 million Raptor Coragyps Atratus Black Vulture
64%
230 million Gnatcatcher Polioptila Caerula Blue-gray Gnatcatcher
64%
2.2 million Blackbird Quiscalus Major Boat-tailed Grackle
64%
13 million Tit Poecile Carolinensis Carolina Chickadee
64%
18 million Wren Thryothorus Ludovicianus Carolina Wren
64%
8.8 million Swift Chaetura Pelagica Chimney Swift
64%
230 million New World Sparrow Spizella Passerina Chipping Sparrow
64%
76 million Wood-Warbler Geothlypis Trichas Common Yellowthroat
64%
13 million Woodpecker Dryobates Pubescens Downy Woodpecker
64%
21 million Thrush Sialia Sialis Eastern Bluebird
64%
29 million Mimid Dumetella Carolinensis Gray Catbird
64%
43 million Wren Troglodytes Aedon House Wren
64%
77 million Cardinallike Passerina Cyanea Indigo Bunting
64%
45 million Finch Spinus Pinus Pine Siskin
64%
16 million Woodpecker Melanerpes Carolinus Red-bellied Woodpecker
64%
170 million New World Sparrow Passerculus Sandwichensis Savannah Sparrow
64%
8.4 million Raptor Cathartes Aura Turkey Vulture
64%
160 million New World Sparrow Zonotrichia Albicollis White-throated Sparrow
64%
6.7 million Fowl Meleagris Gallopavo Wild Turkey
64%
15 million Chat Icteria Virens Yellow-breasted Chat
64%
11 million Blackbird Xanthocephalus Xanthocephalus Yellow-headed Blackbird
64%
2.8 million Falcon Falco Sparverius American Kestrel
55%
3.5 million Owl Strix Varia Barred Owl
55%
18 million Wood-Warbler Mnitotila Varia Black-and-white Warbler
55%
130 million Blackbird Molothrus Ater Brown-headed Cowbird
55%
26 million Tyrant-Flycatcher Tyranus Tyrannus Eastern Kingbird
55%
130 million Kinglet Regulus Satrapa Golden-crowned Kinglet
55%
8.7 million Woodpecker Dryobates Villosus Hairy Woodpecker
55%
72 million Thrush Catharus Guttatus Hermit Thrush
55%
33 million Finch Haemorhous Mexicanus House Finch
55%
68 million Longspur Calcarius Lapponicus Lapland Longspur
55%
39 million Wood-Warbler Setophaga Magnolia Magnolia Warbler
55%
5.6 million Thrush Sialia Currucoides Mountain Bluebird
55%
18 million Wood-Warbler Setophaga Americana Northern Parula
55%
13 million Wood-Warbler Setophaga Palmarum Palm Warbler
55%
4 million Vireo Vireo Philadelphicus Philadelphia Vireo
55%
13 million Wood-Warbler Setophaga Pinus Pine Warbler
55%
8.7 million Swallowlike Progne Subis Purple Martin
55%
20 million Nuthatch Sitta Canadensis Red-breasted Nuthatch
55%
1.8 million Woodpecker Melanerpes Erythrocephalus Red-headed Woodpecker
55%
17 million Fowl Phasianus Colchicus Ring-necked Pheasant
55%
19 million Swallowlike Tachycineta Bicolor Tree Swallow
55%
10 million Nuthatch Sitta Carolinensis White-breasted Nuthatch
55%
79 million New World Sparrow Zonotrichia Leucophrys White-crowned Sparrow
55%
170 million Wood-Warbler Setophaga Coronata Yellow-rumped Warbler
55%
93 million Wood-Warbler Setophaga Petechia Yellow Warbler
55%
42 million Wood-Warbler Setophaga Ruticilla American Redstart
45%
3.4 million New World Sparrow Centronyx Bairdii Baird's Sparrow
45%
6 million Corvid Pica Hudsonia Black-billed Magpie
45%
21 million Cardinallike Passerina Caerulea Blue Grosbeak
45%
2.5 million Waxwing Bombycilla Garrulus Bohemian Waxwing
45%
17 million New World Sparrow Spizella Breweri Brewer's Sparrow
45%
1.8 million Raptor Buteo Platypterus Broad-winged Hawk
45%
6.9 million Blackbird Icterus Bullockii Bullock's Oriole
45%
3 million Wren Campylorhynchus Brunneicapillus Cactus Wren
45%
3.4 million Fowl Callipepla Californica California Quail
45%
3.2 million Finch Haemorhous Cassinii Cassin's Finch
45%
4.6 million Vireo Vireo Cassinii Cassin's Vireo
45%
78 million Swallowlike Petrochelidon Pyrrhonota Cliff Swallow
45%
35 million Tyrant-Flycatcher Sayornis Phoebe Eastern Phoebe
45%
29 million New World Sparrow Pipilo Erythrophthalmus Eastern Towhee
45%
8.7 million Pigeonlike Streptopelia Decaocto Eurasian Collared-Dove
45%
33 million New World Sparrow Ammodramus Savannarum Grasshopper Sparrow
45%
8.2 million Blackbird Quiscalus Mexicanus Great-tailed Grackle
45%
11 million Wren Cistothorus Palustris Marsh Wren
45%
40 million Wood-Warbler Leiothlypis Ruficapilla Nashville Warbler
45%
11 million Woodpecker Colaptes Auratus Northern Flicker
45%
2 million Owl Aegolius Acadicus Northern Saw-whet Owl
45%
7.5 million Wren Troglodytes Pacificus Pacific Wren
45%
13 million Cardinallike Passerina Ciris Painted Bunting
45%
2.1 million Wood-Warbler Protonotaria Citrea Prothonotary Warbler
45%
5 million Tyrant-Flycatcher Sayornis Saya Say's Phoebe
45%
7.9 million Tyrant-Flycatcher Tyrannus Forficatus Scissor-tailed Flycatcher
45%
35 million New World Sparrow Pipilo Maculatus Spotted Towhee
45%
120 million Thrush Catharus Ustulatus Swainson's Thrush
45%
110 million Wood-Warbler Leiothlypis Peregrina Tennessee Warbler
45%
2.2 million Woodpecker Melanerpes Formicivorus Acorn Woodpecker
36%
120 million Tyrant-Flycatcher Empidonax Alnorum Alder Flycatcher
36%
4.6 million Vireo Vireo Bellii Bell's Vireo
36%
4.6 million Wren Thryomanes Bewickii Bewick's Wren
36%
60 million Wood-Warbler Setophaga Striata Blackpoll Warbler
36%
10 million Blackbird Dolichonyx Oryzivorus Bobolink
36%
9.5 million Creeper Certhia Americana Brown Creeper
36%
4.5 million Hummingbird Selasphorus Calliope Calliope Hummingbird
36%
2.6 million Wood-Warbler Cardellina Canadensis Canada Warbler
36%
12 million Tit Poecile Rufescens Chestnut-backed Chickadee
36%
60 million New World Sparrow Spizella Pallida Clay-colored Sparrow
36%
22 million Nightjar Chordeiles Minor Common Nighthawk
36%
76 million Finch Acanthis Flammea Common Redpoll
36%
28 million Cardinallike Spiza Americana Dickcissel
36%
1.8 million Nightjar Antrostomus Vociferus Eastern Whip-poor-will
36%
42 million Thrush Catharus minimus Gray-cheeked Thrush
36%
5.2 million Wood-Warbler Setophaga Citrina Hooded Warbler
36%
2.6 million Wood-Warbler Geothlypis Formosa Kentucky Warbler
36%
27 million Tyrant-Flycatcher Empidonax Minimus Least Flycatcher
36%
4.4 million Fowl Colinus Virginianus Northern Bobwhite
36%
17 million Wood-Warbler Parkesia Noveboracensis Northern Waterthrush
36%
3.6 million Wood-Warbler Setophraga Discolor Prairie Warbler
36%
3.1 million Nuthatch Sitta Pygmaea Pygmy Nuthatch
36%
1.8 million Raptor Buteo Lineatus Red-shouldered Hawk
36%
4.7 million Cardinallike Pheucticus Ludovicianus Rose-breasted Grosbeak
36%
2.6 million Cardinallike Piranga Olivacea Scarlet Tanager
36%
14 million Longspurlike Plectophenax Nivalis Snow Bunting
36%
2.7 million Corvid Cyanocitta Stelleri Steller's Jay
36%
23 million New World Sparrow Melospiza Georgiana Swamp Sparrow
36%
21 million Wood-Warbler Setophaga Townsendi Townsend's Warbler
36%
52 million Vireo Vireo Gilvus Warbling Vireo
36%
5.7 million Thrush Sialia Mexicana Western Bluebird
36%
29 million Tyrant-Flycatcher Tyrannus Verticalis Western Kingbird
36%
15 million Cardinallike Piranga Ludoviciana Western Tanager
36%
5.2 million Pigeonlike Zenaida Asiatica White-winged Dove
36%
13 million Fowl Lagopus Lagopus Willow Ptarmigan
36%
81 million Wood-Warbler Cardellina Pusilla Wilson's Warbler
36%
11 million Wren Troglodytes Hiemalis Winter Wren
36%
14 million Woodpecker Sphyrapicus Varius Yellow-bellied Sapsucker
36%
8.4 million Cuckoo Coccyzus Americanus Yellow-Billed Cuckoo
36%
26 million New World Sparrow Spizelloides Arborea American Tree Sparrow
27%
7.9 million Swallowlike Riparia Riparia Bank Swallow
27%
8.2 million Hummingbird Archilochus Alexandri Black-chinned Hummingbird
27%
9.2 million Wood-Warbler Setophaga Virens Black-throated Green Warbler
27%
13 million Tit Poecile Hudsonicus Boreal Chickadee
27%
23 million Blackbird Euphagus Cyanocephalus Brewer's Blackbird
27%
27 million Corvid Perisoreus Canadensis Canada Jay
27%
7 million Wood-Warbler Setophaga Tigrina Cape May Warbler
27%
9.6 million New World Sparrow Peucaea Cassinii Cassin's Sparrow
27%
18 million Wood-Warbler Setophaga Pensylvanica Chestnut-sided Warbler
27%
5.6 million Nightjar Antrostomus Carolinensis Chuck-will's-widow
27%
24 million Blackbird Sturnella Magna Eastern Medowlark
27%
3.8 million Finch Coccothraustes Vespertinus Evening Grosbeak
27%
9.3 million New World Sparrow Spizella Pusilla Field Sparrow
27%
35 million New World Sparrow Passerella Iliaca Fox Sparrow
27%
8.8 million Tyrant-Flycatcher Myiarchus Crinitus Great Crested Flycatcher
27%
20 million Tyrant-Flycatcher Empidonax Hammondii Hammond's Flycatcher
27%
14 million Finch Acanthis Hornemanni Hoary Redpoll
27%
5.1 million New World Sparrow Ammospiza Leconteii LeConte's Sparrow
27%
7.9 million Tit Poecile Gambeli Mountain Chickadee
27%
14 million Wood-Warbler Geothlypis Philadelphia Mourning Warbler
27%
20 million Swallowlike Stelgidopteryx Serripennis Northern Rough-winged Swallow
27%
11 million Blackbird Icterus Spurius Orchard Oriole
27%
3 million Vireo Vireo Plumbeus Plumbeous Vireo
27%
6.5 million Finch Haemorhous Purpureus Purple Finch
27%
9.6 million Finch Loxia Curvirostra Red Crossbill
27%
4 million Fowl Lagopus Muta Rock Ptarmigan
27%
18 million Fowl Bonasa Umbellus Ruffed Grouse
27%
11 million Cardinallike Piranga Rubra Summer Tanager
27%
6.7 million Swallowlike Tachycineta Thalassina Violet-green Swallow
27%
95 million Blackbird Sturnella Neglecta Western Medowlark
27%
22 million Vireo Vireo Griseus White-eyed Vireo
27%
40 million Finch Loxia Leucoptera White-winged Crossbill
27%
12 million Thrush Hylocichla Mustelina Wood Thrush
27%
1.8 million Tit Chamaea Fasciata Wrentit
27%
2 million Wood-Warbler Setophaga Dominica Yellow-throated Warbler
27%
5.2 million Tyrant-Flycatcher Empidonax Virescens Acadian Flycatcher
18%
1.7 million Woodpecker Picoides Arcticus Black-backed Woodpecker
18%
13 million Wood-Warbler Setophaga Fusca Blackburnian Warbler
18%
31 million New World Sparrow Amphispiza Bilineata Black-throated Sparrow
18%
13 million Vireo Vireo Solitarius Blue-headed Vireo
18%
6.2 million Mimid Toxostoma Rufum Brown Thrasher
18%
2.3 million Tit Psaltriparus Minimus Bushtit
18%
2.8 million Swallowlike Petrochelidon Fulva Cave Swallow
18%
1.8 million Wood-Warbler Oporornis Agilis Connecticut Warbler
18%
5.2 million Fowl Callipepla Gambelii Gambel's Quail
18%
6.5 million Cardinallike Passerina Amoena Lazuli Bunting
18%
4.6 million Shrike Lanius Ludovicianus Loggerhead Shrike
18%
82 million Wood-Warbler Leiothlypis Celata Orange-crowned Warbler
18%
26 million Wood-Warbler Seiurus Aurocapilla Ovenbird
18%
2.8 million Woodpecker Sphyrapicus Ruber Red-breasted Sapsucker
18%
3.4 million Wren Salpinctes Obsoletus Rock Wren
18%
6.8 million Blackbird Euphagus Carolinus Rusty Blackbird
18%
11 million Fowl Falcipennis Canadensis Spruce Grouse
18%
35 million Thrush Ixorius Naevius Varied Thrush
18%
35 million New World Sparrow Pooecetes Gramineus Vesper Sparrow
18%
8.1 million Tyrant-Flycatcher Empidonax Traillii Willow Flycatcher
18%
9.9 million Wood-Warbler Setophaga Castanea Bay-breasted Warbler
9%
12 million Cardinallike Pheucticus Melanocephalus Black-headed Grosbeak
9%
8.8 million Hummingbird Selasphorus Platycercus Broad-tailed Hummingbird
9%
5.2 million New World Sparrow Melozone Crissalis California Towhee
9%
2.8 million New World Sparrow Melozone Fusca Canyon Towhee
9%
2.5 million Tyrant-Flycatcher Tyrannus Vociferans Cassin's Kingbird
9%
6.5 million Tyrant-Flycatcher Contopus Virens Eastern Wood-Pewee
9%
7.5 million New World Sparrow Zonotrichia Atricapilla Golden-crowned Sparrow
9%
2 million New World Sparrow Zonotrichia Querula Harris's Sparrow
9%
2.4 million Woodpecker Dryobates Scalaris Ladder-backed Woodpecker
9%
12 million New World Sparrow Calamospiza Melanocorys Lark Bunting
9%
11 million New World Sparrow Chondestes Grammacus Lark Sparrow
9%
5.7 million Finch Spinus Psaltria Lesser Goldfinch
9%
3.8 million Nightjar Chordeiles Acutipennis Lesser Nighthawk
9%
2.8 million Wood-Warbler Leiothlypis Luciae Lucy's Warbler
9%
11 million Wood-Warbler Geothlypis Tolmiei MacGillivray's Warbler
9%
1.9 million Tyrant-Flycatcher Contopus Cooperi Olive-sided Flycatcher
9%
5.5 million Finch Pinicola Enucleator Pine Grosbeak
9%
2.4 million Fowl Callipepla Squamata Scaled Quail
9%
5 million Wren Cistothorus Platensis Sedge Wren
9%
11 million Thrush Catharus Fuscescens Veery
9%
2.4 million Swift Aeronautes Saxatalis White-throated Swift
9%
13 million Tyrant-Flycatcher Empidonax Flaviventris Yellow-bellied Flycatcher
9%
4.7 million Vireo Vireo Flavifrons Yellow-throated Vireo
9%
8.2 million Leaf-Warbler Phylloscopus Borealis Arctic Warbler
0%
6.8 million Tyrant-Flycatcher Myiarchus Cinerascens Ash-throated Flycatcher
0%
6.5 million Gnatcatcher Polioptila Melanura Black-tailed Gnatcatcher
0%
3.1 million Wood-Warbler Setophaga Nigrescens Black-throated Gray Warbler
0%
2.4 million Wood-Warbler Setophaga Caerulescens Blue-throated Blue Warbler
0%
3.1 million Longspur Calcarius Ornatus Chestnut-collared Longspur
0%
2 million Pigeonlike Columbina Passerina Common Ground Dove
0%
2.2 million Tyrant-Flycatcher Empidonax Occidentalis Cordilleran Flycatcher
0%
8.8 million Tyrant-Flycatcher Empidonax Oberholseri Dusky Flycatcher
0%
2.9 million Tyrant-Flycatcher Empidonax Wrightii Gray Flycatcher
0%
4.8 million New World Sparrow Pipilo Chlorurus Green-tailed Towhee
0%
2.5 million Wood-Warbler Setophaga Occidentalis Hermit Warbler
0%
9 million Tyrant-Flycatcher Empidonax Difficilis Pacific-slope Flycatcher
0%
2 million Woodpecker Sphyrapicus Nuchalis Red-naped Sapsucker
0%
5.4 million New World Sparrow Artemisiospiza Nevadensis Sagebrush Sparrow
0%
6.4 million Mimid Oreoscoptes Montanus Sage Thrasher
0%
1.7 million Blackbird Icterus Parisorum Scott's Oriole
0%
2 million Fowl Dendragapus Fuliginosus Sooty Grouse
0%
3.8 million Tit Auriparus Flaviceps Verdin
0%
8.8 million Tyrant-Flycatcher Contopus Sordidulus Western Wood-Pewee
0%
2 million Fowl Lagopus Leucura White-tailed Ptarmigan
0%
No matching quizzes found
Score Distribution
Percent of People with Each Score
Percentile by Number Answered
Your Score History
You have not taken this quiz